Текст томруулах:    
Fundamentals of investments (Бичлэгийн дугаар. 145240)
000 -УДИРДЛАГА
Удирдлага 00692nam a22002417a 4500
003 - ХЯНАЛТЫН ТОО ТОДОРХОЙЛОГЧ
Код MN-UlNUM
005 - БИЧИЛТ ХИЙСЭН ОГНОО
Тухайн бичилтийг бичсэн засварласан сүүлийн огноо 20251103165018.0
008 - ЕРӨНХИЙ МЭДЭЭЛЭЛ
Ерөнхий мэдээлэл 251103s2005 maua|||| |||| 001 0 eng d
020 ## - ISBN
ISBN 0072969628
040 ## - БИЧЛЭГ ҮҮСГЭГЧ БАЙГУУЛЛАГА
Бичлэг үүсгэгч номын сангийн код МУИС-ийн номын сан
084 ## - ББК АНГИЛАЛ
Нэмэлт тусгалт Нэг сэдэвт бүтээл
ББК ангилал 65.290-2
Зохиогчийн гурван тэмдэгт C 79
Мэдлэгийн ялгаа 65 - Эдийн засаг
100 1# - ЗОХИОГЧ
Зохиогчийн нэр Corrado, Charles J.
245 10 - ҮНДСЭН ГАРЧИГ
Номын нэр Fundamentals of investments
Бага гарчгийн мэдээ valuation and management
Оролцогчдын тухай мэдээ Charles J. Corrado, Bradford D. Jordan.
250 ## - ДАХИН ХЭВЛЭЛТ
Дахин гаралтын дугаар 3rd ed.
260 ## - ГАРАЛТЫН МЭДЭЭ
Хэвлэгдсэн газар Boston :
Хэвлэлийн газар McGraw-Hill/Irwin,
Хэвлэгдсэн он 2005
300 ## - МАТЕРИАЛЫН ТОДОРХОЙЛОЛТ
хуудасны тоо xxxiv, 682 p. :
Бусад тоон мэдээлэл col. ill. ;
Хэмжээ 27 cm.
500 ## - Тайлбар
Дансны дугаар БС 1885-1886
546 ## - ХЭЛНИЙ ТУХАЙ МЭДЭЭ
Хэл Англи хэл дээр,
653 ## - Түлхүүр үг
Түлхүүр үг Investments.
700 1# - ХАМ ЗОХИОГЧИД
Ба бус Jordan, Bradford D.
942 ## - ЭЛЕМЕНТИЙН ТӨРӨЛ
Зүйлийн төрөл Ном